Sports Quiz

Random Sports or World Cup Quiz

FIFA World Cup Golden Ball Winners Quiz Stats

 Plays Quiz Updated Jul 14, 2014

Support Sporcle.
Go Orange.
Score 0/11 Timer 05:00
6 Plays Today
Country Player % Correct
ArgentinaLionel Messi
97.6%
CroatiaLuka Modrić
93.4%
BrazilRonaldo
90.6%
ArgentinaDiego Maradona
86.9%
FranceZinedine Zidane
85%
UruguayDiego Forlán
75.8%
GermanyOliver Kahn
54.6%
BrazilRomario
54.6%
ItalyPaolo Rossi
47.5%
ArgentinaMario Kempes
40.3%
ItalySalvatore Schillaci
23.2%

You're not logged in!

Compare scores with friends on all Sporcle quizzes.
OR
Log In

From the Vault

101 Movie 'M' Words

by Year_of_Glad

Make up your Mind and you'll be Marvelous.
Remove Ads.
Support Sporcle.
Get the best of Sporcle when you Go Orange. This ad-free experience offers more features, more stats, and more fun while also helping to support Sporcle. Thank you for becoming a member.

Show Comments

Extras

Top Quizzes Today


Score Distribution

Your Account Isn't Verified!

In order to create a playlist on Sporcle, you need to verify the email address you used during registration. Go to your Sporcle Settings to finish the process.

Report this User

Report this user for behavior that violates our Community Guidelines.

Details: